Catálogo provisional historial y razonado del Museo Nacional de Pinturas (Record no. 4343)

MARC details
000 -CABECERA
campo de control de longitud fija 01243nam a2200253 a 4500
001 - NÚMERO DE CONTROL
campo de control BRCA_4640
005 - FECHA Y HORA DE LA ÚLTIMA TRANSACCIÓN
campo de control 20190320204739.0
008 - DATOS DE LONGITUD FIJA--INFORMACIÓN GENERAL
campo de control de longitud fija 290910s1865----sp-#######---#000-0#spa-#
041 ## - CÓDIGO DE LENGUA
Código de lengua del texto/banda sonora o título independiente spa
044 ## - CÓDIGO DEL PAÍS DE LA ENTIDAD EDITORA/PRODUCTORA
Código MARC del país sp
050 #4 - SIGNATURA TOPOGRÁFICA DE LA BIBLIOTECA DEL CONGRESO
Número de clasificación N3450
Número de documento/Ítem .C78 1865
100 1# - ENTRADA PRINCIPAL--NOMBRE DE PERSONA
Nombre de persona Cruzada Villaamil, D. Gregorio
9 (RLIN) 11743
245 10 - MENCIÓN DE TÍTULO
Título Catálogo provisional historial y razonado del Museo Nacional de Pinturas
Mención de responsabilidad, etc. por D. Gregorio Cruzada Villaamil.
260 ## - PUBLICACIÓN, DISTRIBUCIÓN, ETC.
Lugar de publicación, distribución, etc. Madrid
Nombre del editor, distribuidor, etc. Imprenta de Manuel Galiano
Fecha de publicación, distribución, etc. 1865
300 ## - DESCRIPCIÓN FÍSICA
Extensión 288 p.
Dimensiones 19 cm.
500 ## - NOTA GENERAL
Nota general Formado de órden del Excmo. Sr. Ministro de Fomento Marqués de la Vega de Armijo, por D. Gregorio Cruzada Villaamil (Sub-director que fué del mismo Museo)
500 ## - NOTA GENERAL
Nota general Incluye índice alfabético de los pintores españoles de quienes posee obras este museo, índice alfabético de los pintores extranjeros de quienes posee obras este museo e índice alfabético de los artistas cuyas obras forman la galería de cuadros contemporáneos y galería de cuadros contemporáneos pertenecientes al Museo Nacional
500 ## - NOTA GENERAL
Nota general CFG14
610 24 - PUNTO DE ACCESO ADICIONAL DE MATERIA--NOMBRE DE ENTIDAD CORPORATIVA
Nombre de entidad corporativa o nombre de jurisdicción como elemento de entrada Museo Nacional de Pinturas
Subdivisión geográfica Madrid
9 (RLIN) 11744
650 14 - PUNTO DE ACCESO ADICIONAL DE MATERIA--TÉRMINO DE MATERIA
Término de materia o nombre geográfico como elemento de entrada Pinturas
Subdivisión de forma Catálogos
Subdivisión geográfica Madrid
9 (RLIN) 11379
650 14 - PUNTO DE ACCESO ADICIONAL DE MATERIA--TÉRMINO DE MATERIA
Término de materia o nombre geográfico como elemento de entrada Pintores españoles
9 (RLIN) 7620
902 ## - CATALOGADOR
Iniciales GFM
942 ## - ELEMENTOS DE PUNTO DE ACCESO ADICIONAL (KOHA)
Fuente del sistema de clasificación o colocación Library of Congress Classification
Tipo de ítem Koha Libros
Holdings
Estado de retiro Estado de pérdida Estado dañado No para préstamo Localización permanente Ubicación/localización actual Fecha de adquisición Número de inventario Total de préstamos Signatura topográfica completa Código de barras Fecha visto por última vez Precio válido a partir de Tipo de ítem Koha
El ejemplar forma parte de la colección y puede ser consultado según las políticas vigentes.       Biblioteca del Museo Franz Mayer (Rogerio Casas-Alatriste) Biblioteca del Museo Franz Mayer (Rogerio Casas-Alatriste) 29/09/2010 CFG14   N3450 .C78 1865 (CFG14) 4640 22/03/2019 22/03/2019 Libros